Cyrus the unsinkable sea serpent / (Record no. 50193)
| 000 -LEADER | |
|---|---|
| fixed length control field | 00655 am a2200217ui 4500 |
| 001 - CONTROL NUMBER | |
| control field | 007370783 |
| 005 - DATE AND TIME OF LATEST TRANSACTION | |
| control field | 20260223105122.0 |
| 008 - FIXED-LENGTH DATA ELEMENTS--GENERAL INFORMATION | |
| fixed length control field | 770812r19771975enka j| 000 1|eng |
| 015 ## - NATIONAL BIBLIOGRAPHY NUMBER | |
| National bibliography number | GB7720730 |
| Source | bnb |
| 020 ## - INTERNATIONAL STANDARD BOOK NUMBER | |
| International Standard Book Number | 0233967761 : |
| Terms of availability | £2.75 |
| 020 ## - INTERNATIONAL STANDARD BOOK NUMBER | |
| International Standard Book Number | 9780395313893 |
| 040 ## - CATALOGING SOURCE | |
| Original cataloging agency | Uk |
| Transcribing agency | Uk |
| 082 04 - DEWEY DECIMAL CLASSIFICATION NUMBER | |
| Classification number | 823/.9/1 |
| Edition number | 18 |
| 100 ## - MAIN ENTRY--PERSONAL NAME | |
| Personal name | Peet, Bill, |
| Relator term | author. |
| 245 10 - TITLE STATEMENT | |
| Title | Cyrus the unsinkable sea serpent / |
| Statement of responsibility, etc | Bill Peet. |
| 260 ## - PUBLICATION, DISTRIBUTION, ETC. (IMPRINT) | |
| Name of publisher, distributor, etc | Clarion Books |
| Date of publication, distribution, etc | April 26, 1982. |
| 300 ## - PHYSICAL DESCRIPTION | |
| Extent | 46p. : |
| Other physical details | col ill. ; |
| Dimensions | 26cm. |
| 500 ## - GENERAL NOTE | |
| General note | Originally published: Boston, Mass. : Houghton Mifflin, 1975. |
| 650 ## - SUBJECT ADDED ENTRY--TOPICAL TERM | |
| Topical term or geographic name as entry element | Sea monsters |
| 9 (RLIN) | 925 |
| Form subdivision | Juvenile fiction. |
| 942 ## - ADDED ENTRY ELEMENTS (KOHA) | |
| Source of classification or shelving scheme | |
| Koha item type | Book |
| Withdrawn status | Lost status | Source of classification or shelving scheme | Damaged status | Not for loan | Home library | Current library | Date acquired | Total Checkouts | Full call number | Barcode | Date last seen | Date checked out | Price effective from | Koha item type |
|---|---|---|---|---|---|---|---|---|---|---|---|---|---|---|
| Logos International School | Logos International School | 02/23/2026 | 1 | E PEE | 040856 | 03/25/2026 | 03/11/2026 | 02/23/2026 | Book |